| 000 | 00476 a2200145 4500 | ||
|---|---|---|---|
| 005 | 20250711092427.0 | ||
| 020 | _a978 9987 9539-2-9 | ||
| 082 | _a346. 2 BAK | ||
| 100 | _aBAKAR, B. | ||
| 245 | _aBusiness Bankruptcy, Liquidation & Administration: Law and Accounting in Tanzania | ||
| 260 |
_aUniversity of Dar es salaam, _bNational Board of Accountants and Auditors, _c2012. |
||
| 300 |
_axiii, 427p.: ill.; table. _bReferences. _c25cm. |
||
| 700 | _aJOHN, L. | ||
| 942 |
_2ddc _cBKS |
||
| 999 |
_c6661 _d6661 |
||